Juan Luis Martínez: el juego de las contradicciones

Saved in:
Bibliografiske detaljer
Hovedforfatter: Monarca, Patricia (autora)
Format: Bog
Sprog:spansk
Udgivet: Santiago RIL 1998
Fag:
Tags: Tilføj Tag
Ingen Tags, Vær først til at tagge denne postø!

MARC

LEADER 00000nam a2200000 a 4500
001 UCP8437
003 CL-VaPUC
008 000303e19980000CL |||||||||||||||||spa|d
082 0 4 |a Ch863.09  |b MON  |2 21 
100 |a Monarca, Patricia  |e autora  |9 438397 
245 1 0 |a Juan Luis Martínez: el juego de las contradicciones 
300 |a 128 p 
942 |c BK 
945 |d 20000303 00:00:00  |a rbrito 
260 |a Santiago  |b RIL  |c 1998 
600 0 |a Martínez Holger, Juan Luis,  |d 1942-1993  |9 468163 
650 0 |a Novela chilena   |9 307631 
650 0 |a Crítica literaria   |9 269189 
650 0 |a Crítica e interpretación   |9 255042 
583 |a last modification  |c 20000303 00:00:00  |k Rodrigo Vera 
999 |c 285334  |d 285332 
952 |0 0  |1 0  |4 0  |6 CH_863_090000000000000_MON_1998  |7 0  |8 A  |9 329869  |a BIBHIS  |b BIBHIS  |d 2019-11-20  |i 3587401  |o Ch863.09 MON 1998  |p 3587401  |r 2025-01-20  |w 2019-11-20  |y BK  |k HIS